Una mirada a la crisis desde los márgenes / (Registro nro. 10165)

Detalles MARC
000 -LIDER
fixed length control field 01071nam a2200373 c 4500
001 - NÚMERO DE CONTROL
Identificador de número de control 180465
003 - IDENTIFICACDOR DE NÚMERO DE CONTROL
control field DO-SdBNP
005 - DATE AND TIME OF LATEST TRANSACTION
control field 20171129133549.0
007 - CAMPOS FIJOS DE DESCRIPCIÓN FÍSICA
fixed length control field 180465
008 - ELEMENTOS DE LONGITUD FIJA
fixed length control field 120320s2009 cl a | |||| 000 0 spa
020 ## - ISBN
International Standard Book Number 9789212210803
035 ## - NÚMERO LOCAL
System control number
040 ## - FUENTE DE CATALOGACIÓN
Agencia que crea de manera original el registro BPMSU
Idioma de catalogación spa
Agencia que realiza la transcripción BPMSU
Convenciones de la despripción
080 ## - NÚMERO DE CLASIFICACIÓN DECIMAL UNIVERSAL
Universal Decimal Classification number
080 ## - NÚMERO DE CLASIFICACIÓN DECIMAL UNIVERSAL
Universal Decimal Classification number
080 ## - NÚMERO DE CLASIFICACIÓN DECIMAL UNIVERSAL
Universal Decimal Classification number
245 04 - MENCIÓN DE TITULO
Título Una mirada a la crisis desde los márgenes /
Mención de responsabilidad Sonia Montaño, coordinadora
250 ## - MENCIÓN DE EDICION
Mención de edición
260 ## - PUBLICACIÓN, DISTRIBUCIÓN, ETC. (PIE DE IMPRENTA)
Lugar de publicación, distribución, etc Santiago de Chile:
Nombre del editor, distribuidor, etc. CEPAL,
Fecha de publicación, distribución, etc 2009
300 ## - DESCRIPCIÓN FÍSICA
Extensión 95 p. :
Otros detalles físicos il., gráf.
Dimensiones 23 cm
336 ## - CONTENT TYPE
Content type term
Source
337 ## - MEDIA TYPE
Media type term
Source
490 0# - MENCIÓN DE SERIES
Mención de serie Cuadernos de la CEPAL
ISSN 0252-2195
Volume/sequential designation 96
504 ## - NOTA DE BIBLIOGRAFÍA, ETC.
Bibliography, etc Bibliografía: p. 89-92
650 #7 - ENCABEZAMIENTO DE MATERIA--TEMÁTICO
Término temático o nombre geográfico como elemento de entrada Crisis económicas
Subdivisión cronológica 2008-
Fuente del encabezamiento o término
650 #7 - ENCABEZAMIENTO DE MATERIA--TEMÁTICO
Término temático o nombre geográfico como elemento de entrada Mujeres
Subdivisión temática general Empleo
Subdivisión geográfica América Latina
Fuente del encabezamiento o término
651 #7 - ENCABEZAMIENTO DE MATERIA--NOMBRE GEOGRÁFICO
Nombre geográfico América Latina
Subdivisión temática general Política social
Fuente del encabezamiento o término
700 1# - ASIENTO SECUNDARIO -- NOMBRE PERSONAL
Nombre personal Montaño, Sonia
Mención de responsabilidad coor.
710 ## - ASIENTO SECUNDARIO -- NOMBRE CORPORATIVO
Término de relación Naciones Unidas
830 ## - ASIENTO SECUNDARIO DE SERIE--TÍTULO UNIFORME
Título uniforme Cuadernos de la CEPAL
Nombre de la parte o sección de una obra 0252-2195
Volume number/sequential designation 96
942 ## - ADDED ENTRY ELEMENTS (KOHA)
Source of classification or shelving scheme Dewey Decimal Classification
Koha item type Libros
945 ## - INFORMACIÓN DE PROCESAMIENTO LOCAL
Información de procesamiento local inventariado extranjero / DG
956 ## - LOCAL ELECTRONIC LOCATION AND ACCESS (OCLC)
Nombre de host VMATEO
Número de acceso 10
Información de compresión 20160518
Trayectoria BPMSU
Nombre Electrónico 0069
Existencias
Withdrawn status Lost status Source of classification or shelving scheme Damaged status Not for loan Collection code Home library Current library Date acquired Source of acquisition Total Checkouts Barcode Date last seen Price effective from Koha item type
    Dewey Decimal Classification       Biblioteca Pública Metropolitana Salomé Ureña Biblioteca Pública Metropolitana Salomé Ureña 05/18/2016 FUNDI   BPMET16050383 05/18/2016 05/18/2016 Libros